Loading...
Dictionary of media studies
| Main Author: | |
|---|---|
| Other Authors: | |
| Format: | Printed Book |
| Language: | English |
| Published: |
New Delhi:
Penguin Books,
2007.
|
| LEADER | 00544nam a22001577a 4500 | ||
|---|---|---|---|
| 008 | 160114b xxu||||| |||| 00| 0 eng d | ||
| 020 | |a 9780141014272 | ||
| 100 | |a Abercrombie, Nicholas | ||
| 245 | |a Dictionary of media studies | ||
| 260 | |a New Delhi: |b Penguin Books, |c 2007. | ||
| 300 | |a 383p.: | ||
| 500 | |a The ultimate guide to media and culture | ||
| 700 | |a Brian,Longhurst | ||
| 942 | |c REF | ||
| 999 | |c 150452 |d 150452 | ||
| 952 | |0 0 |1 0 |4 0 |6 R_070_030000000000000 |7 0 |9 160804 |a MCJ |b MCJ |c REF |d 2016-01-14 |i 2899 |l 0 |o R070.03 |p MCJ2899 |r 2016-01-14 |w 2016-01-14 |y REF | ||